000 00339nam a2200145Ia 4500
003 OSt
005 20231209105248.0
008 170524s9999 xx 000 0 und d
020 _a9788126513345
040 _cIIMT UNIVERSITY
100 _aCohen Daniel IA
245 0 _aIntroduction to Computer Theory
260 _bWiley
942 _2ddc
_c02
999 _c5880
_d5880